| Tag |
First Indicator |
Second Indicator |
Subfields |
| LEADER |
00000cam a2200000Ii 4500 |
| 001 |
in00001058607 |
| 005 |
20190405101824.0 |
| 008 |
791101s1979 txua b s000 0 eng d |
| 035 |
|
|
|a (OCoLC)ocm05633246
|
| 035 |
|
|
|a (OCoLC)05633246
|
| 035 |
|
|
|9 AFL7087AM
|
| 040 |
|
|
|a IKM
|b eng
|e rda
|c IKM
|d OCLCQ
|d OCLCF
|d OCLCQ
|d OCLCO
|d TXA
|
| 035 |
|
|
|a (OCoLC)5633246
|
| 086 |
|
|
|a Z TA245.7 L47 no. L-1723
|2 txdocs
|
| 090 |
|
|
|a S544.3.T4
|b T273 no. L-1723
|
| 049 |
|
|
|a TXAM
|
| 100 |
1 |
|
|a Young, Susan,
|e author.
|
| 245 |
1 |
0 |
|a Improving fireplace efficiency /
|c Sue Young.
|
| 264 |
|
1 |
|a College Station, Texas :
|b Texas Agricultural Extension Service,
|c [1979]
|
| 300 |
|
|
|a 4 unnumbered pages :
|b illustrations.
|
| 336 |
|
|
|a text
|b txt
|2 rdacontent
|
| 337 |
|
|
|a unmediated
|b n
|2 rdamedia
|
| 338 |
|
|
|a volume
|b nc
|2 rdacarrier
|
| 490 |
1 |
|
|a L / [Texas Agricultural Extension Service] ;
|v 1723
|
| 500 |
|
|
|a "Save home energy."
|
| 500 |
|
|
|a "7.5M - 4-79, New."
|
| 504 |
|
|
|a Includes bibliographical references (page 3).
|
| 500 |
|
|
|a Title from caption.
|
| 500 |
|
|
|a The United States Department of Agriculture cooperating.
|
| 650 |
|
0 |
|a Fireplaces.
|
| 650 |
|
7 |
|a Fireplaces.
|2 fast
|0 (OCoLC)fst00925674
|
| 650 |
|
3 |
|a fires
|
| 650 |
|
3 |
|a homes and home furnishings
|
| 710 |
1 |
|
|a United States.
|b Department of Agriculture,
|e issuing body.
|
| 710 |
2 |
|
|a Texas Agricultural Extension Service,
|e issuing body.
|
| 830 |
|
0 |
|a L (Texas Agricultural Extension Service) ;
|v 1723.
|
| 856 |
4 |
1 |
|z Available online via OAK Trust Repository
|u https://oaktrust.library.tamu.edu/handle/1969.1/172735
|t 0
|
| 994 |
|
|
|a C0
|b TXA
|
| 948 |
|
|
|a cataloged
|b h
|c 2019/4/5
|d c
|e zliu
|f 10:18:06 am
|
| 999 |
f |
f |
|s 23535aa5-c7a6-3e79-bedc-1ba6b4cfe51b
|i d38a3b1c-cff8-3486-be8e-736e7717877d
|t 0
|
| 952 |
f |
f |
|p normal
|a Texas A&M University
|b College Station
|c Sterling C. Evans Library
|d Evans: Texas Documents (Annex 5th floor)
|t 0
|e Z TA245.7 L47 no.1701-1799
|h Superintendent of Documents classification
|i unmediated -- sheet
|m A14827511752
|
| 952 |
f |
f |
|a Texas A&M University
|b College Station
|c Sterling C. Evans Library
|d Evans: Texas Documents (Annex 5th floor)
|t 0
|e Z TA245.7 L47 no.1701-1799
|h Superintendent of Documents classification
|
| 998 |
f |
f |
|a Z TA245.7 L47 no.1701-1799
|s no.1701-1709,1711-1715,1718-1721,1723-1799
|t 0
|l Evans: Texas Documents (Annex 5th floor)
|